LEADER 01126cam0-22003971i-450- 001 990004691440403321 005 20150306122145.0 035 $a000469144 035 $aFED01000469144 035 $a(Aleph)000469144FED01 035 $a000469144 100 $a19990604d1960----km-y0itay50------ba 101 1 $aita$cger 105 $af-------001yy 200 1 $a<>dio invitto$fdi Franz Altheim 210 $aMilano$cFeltrinelli$d1960 215 $a182 p.$d18 cm 225 1 $aUniversale economica$v318 454 0$12001$a<>unbesiegte Gott$953801 610 0 $aCristianesimo$aCulto del sole 676 $a201.3 676 $a202.12 700 1$aAltheim,$bFranz$f<1898-1976>$0135713 801 0$aIT$bUNINA$gRICA$2UNIMARC 901 $aBK 912 $a990004691440403321 952 $a202.12 ALT 1 BIS$bIst.Fil.Cl.3445$fNAP03 952 $aCOLLEZ. 256 (318)$b95733$fFGBC 952 $a202.12 ALT 1$bBIBL. 34344$fFLFBC 952 $aDDR-XXV F 073$b604 ddr$fDDR$m21-9221 959 $aFLFBC 959 $aDDR 959 $aFGBC 959 $aNAP03 996 $aUnbesiegte Gott$953801 997 $aUNINA LEADER 00961cam0-2200349---450 001 990005604700203316 005 20200513140605.0 035 $a000560470 035 $aUSA01000560470 035 $a(ALEPH)000560470USA01 035 $a000560470 100 $a19981214d1979----|||y0itaa50------ba 101 0 $aeng 102 $aGB 105 $a0 00||| 200 1 $aObjective knowledge$ean evolutionary approach$fKarl R. Popper 205 $aRev. ed 210 $aOxford$cClarendon$d1979 215 $aX, 395 p.$d22 cm 606 0 $aEpistemologia$2BNCF 676 $a121 700 1$aPOPPER,$bKarl R.$f<1902-1994 >$00 801 0$aIT$bSA$c20111219 912 $a990005604700203316 950 0$aDipar.to di Filosofia - Salerno$dDFAA 121 POP$e1234 FIL 951 $aAA 121 POP$b1234 FIL 959 $aBK 969 $aFIL 979 $c20121027$lUSA01$h1525 979 $c20121027$lUSA01$h1614 996 $aObjective Knowledge$931102 997 $aUNISA